000 00366 a2200133 4500
001 ART_26196
005 20260410161936.0
008 260409a
245 1 0 _aLos costos de investigación y desarrollo
100 1 _aDíaz, Teresa
700 1 _aBertolino, Gisela
700 1 _aSuardi, Diana
773 0 _tSaberEs
_g- Nº 1 (jun. 2009)
_wREV26089
999 _c29088
_d29088